[Event "4NCL Division 1a"]
[Site "Daventry, ENG"]
[Date "2020.02.09"]
[Round "6.32"]
[White "Horton, Andrew P"]
[Black "Hill, Alistair"]
[Result "0-1"]
[WhiteElo "2470"]
[BlackElo "2217"]
[PlyCount "168"]
[EventDate "2020.02.09"]
[WhiteTeam "3Cs 1"]
[BlackTeam "Cambridge University 1"]

1. Nf3 Nf6 2. c4 c5 3. Nc3 d5 4. cxd5 Nxd5 5. g3 Nc6 6. Bg2 Nc7 7. O-O e5 8. d3
Be7 9. Nd2 O-O 10. Nc4 f6 11. f4 exf4 12. Bxf4 Be6 13. Rf2 Qd7 14. Ne3 Rad8 15.
Bxc7 Qxc7 16. Bd5 Bxd5 17. Nexd5 Qd7 18. Qa4 Kh8 19. Kh1 Bd6 20. Raf1 Be5 21.
Qh4 Bd4 22. Rg2 Ne5 23. Qf4 Rde8 24. Qf5 Qc6 25. h3 b5 26. a3 a5 27. Nf4 Bxc3
28. bxc3 g6 29. Qe4 Qxe4 30. dxe4 Nc4 31. Nd5 Rxe4 32. Ra1 Ne3 33. Nxe3 Rxe3
34. Rc1 Kg7 35. Kh2 Rfe8 36. Rc2 R8e4 37. Rb2 b4 38. cxb4 cxb4 39. axb4 Rxb4
40. Rc2 Rbe4 41. Kg1 a4 42. Kf2 a3 43. Rg1 Rb3 44. Rc7+ Kh6 45. Ra7 Ree3 46. h4
f5 47. g4 fxg4 48. Rxg4 Re5 49. Rga4 Rbe3 50. Rxa3 Rxe2+ 51. Kg3 Rb2 52. Rf3
Rc5 53. Rff7 Rb3+ 54. Rf3 Rb4 55. Rff7 Rc3+ 56. Kg2 Rb2+ 57. Rf2 Rxf2+ 58. Kxf2
Rh3 59. Ra4 Kh5 60. Ra7 h6 61. Ra5+ Kxh4 62. Ra6 Kh5 63. Kg2 Rb3 64. Ra2 g5 65.
Kh2 Kh4 66. Kg2 h5 67. Kh2 Rb4 68. Kg2 Kg4 69. Kh2 Re4 70. Kg2 h4 71. Kh2 h3
72. Ra3 Re2+ 73. Kg1 Kh4 74. Ra4+ g4 75. Rb4 Kg3 76. Rb3+ Kf4 77. Rb4+ Kf3 78.
Rb3+ Re3 79. Rb1 g3 80. Rf1+ Kg4 81. Rd1 h2+ 82. Kg2 Re2+ 83. Kh1 Kh3 84. Rf1
g2# 0-1

[Event "4NCL Division 1a"]
[Site "Daventry, ENG"]
[Date "2020.02.09"]
[Round "6.34"]
[White "Ashton, Adam G"]
[Black "McClement, Andrew"]
[Result "1-0"]
[WhiteElo "2379"]
[BlackElo "2215"]
[PlyCount "109"]
[EventDate "2020.02.09"]
[WhiteTeam "3Cs 1"]
[BlackTeam "Cambridge University 1"]

1. e4 c5 2. Nf3 d6 3. Bb5+ Bd7 4. Bxd7+ Qxd7 5. O-O Nf6 6. Re1 Nc6 7. c3 e6 8.
d4 cxd4 9. cxd4 d5 10. e5 Ne4 11. a3 Be7 12. Nbd2 Nxd2 13. Bxd2 O-O 14. Rc1
Rfc8 15. Rc3 b5 16. h4 b4 17. Rd3 bxa3 18. bxa3 Rab8 19. Nh2 Rb2 20. Qg4 Rcb8
21. Bh6 g6 22. Qf4 Rb1 23. Rdd1 Rxd1 24. Rxd1 Bxa3 25. Ng4 Qd8 26. Nf6+ Kh8 27.
Nd7 f5 28. Nxb8 Qxb8 29. h5 Be7 30. hxg6 hxg6 31. Bg5 Kg7 32. Bxe7 Nxe7 33. Qg5
Ng8 34. Rc1 Qb6 35. Rc3 Kf7 36. Rh3 Kg7 37. Rg3 Qb1+ 38. Kh2 f4 39. Qxf4 a5 40.
Rf3 Qf5 41. Qxf5 gxf5 42. Ra3 Ne7 43. Rxa5 Nc6 44. Ra4 Kg6 45. Kg3 Kg5 46. f4+
Kh5 47. Kh3 Kh6 48. g4 fxg4+ 49. Kxg4 Kg6 50. f5+ exf5+ 51. Kf4 Nb8 52. Ra8 Nc6
53. Ra6 Kh5 54. Rxc6 Kh4 55. Rh6# 1-0

[Event "4NCL Division 1a"]
[Site "Daventry, ENG"]
[Date "2020.02.09"]
[Round "6.47"]
[White "Pedersen, Carsten"]
[Black "Jackson, Sheila"]
[Result "1-0"]
[WhiteElo "2065"]
[BlackElo "2064"]
[PlyCount "117"]
[EventDate "2020.02.09"]
[WhiteTeam "Celtic Tigers 1"]
[BlackTeam "Spirit of Atticus A"]

1. e4 e5 2. Bc4 Nf6 3. d3 Bc5 4. Nf3 d6 5. O-O O-O 6. a4 a6 7. Nc3 Nc6 8. Nd5
h6 9. Be3 Bg4 10. Bxc5 dxc5 11. Ne3 Bxf3 12. Qxf3 Nd4 13. Qd1 b5 14. Ba2 Qd6
15. c3 Ne6 16. Nf5 Qd7 17. Qf3 Kh7 18. Rfd1 Ne8 19. axb5 Qxb5 20. Nxh6 Ng5 21.
Qf5+ Kxh6 22. f4 exf4 23. Qxf4 Qxb2 24. h4 Qxc3 25. hxg5+ Kh7 26. Bxf7 Qd4+ 27.
Kh1 g6 28. Qh4+ Kg7 29. Qh6+ Kxf7 30. Rf1+ Nf6 31. Rxf6+ Qxf6 32. Qh7+ Ke6 33.
gxf6 Rh8 34. Rxa6+ Ke5 35. Qxh8 Rxh8+ 36. Kg1 Rf8 37. Rc6 Kd4 38. g4 g5 39. Kg2
Kxd3 40. e5 Kd4 41. e6 Rxf6 42. e7 Rxc6 43. e8=Q Rd6 44. Qh8+ Ke4 45. Qh7+ Kd4
46. Qg7+ Kd3 47. Qxg5 c4 48. Qf5+ Kd2 49. Qf4+ Kd3 50. Qf5+ Kd2 51. g5 c3 52.
g6 c2 53. g7 c1=Q 54. g8=Q Qc6+ 55. Kf2 Qb6+ 56. Kf1 Qa6+ 57. Kg1 Qa1+ 58. Kg2
Qc3 59. Qa2+ 1-0

[Event "4NCL Division 1b"]
[Site "Daventry, ENG"]
[Date "2020.01.11"]
[Round "3.51"]
[White "Parligras, Mircea-Emilian"]
[Black "Gormally, Daniel W"]
[Result "1-0"]
[WhiteElo "2600"]
[BlackElo "2508"]
[PlyCount "99"]
[EventDate "2020.01.11"]
[WhiteTeam "Chess.com Manx Liberty 1"]
[BlackTeam "Blackthorne Russia"]

1. d4 Nf6 2. c4 e6 3. Nf3 b6 4. a3 Bb7 5. Bf4 Ne4 6. Nbd2 Nxd2 7. Qxd2 d6 8.
Rd1 Nd7 9. Qc2 Nf6 10. d5 e5 11. Bd2 Be7 12. e4 O-O 13. Bd3 a5 14. b4 axb4 15.
axb4 Qe8 16. O-O Qa4 17. Qc3 Qd7 18. Ra1 c6 19. b5 c5 20. h3 Rfc8 21. Nh2 Qd8
22. g3 Rcb8 23. Rxa8 Rxa8 24. f4 Bc8 25. f5 h6 26. Ra1 Bb7 27. Nf3 Nh7 28. Kg2
Ng5 29. Nh2 Nh7 30. Ng4 Nf6 31. Nf2 Nh7 32. Ng4 Nf6 33. Ne3 Nh7 34. Be2 Ng5 35.
Bd3 Nh7 36. Be2 Ng5 37. Bf3 Rxa1 38. Qxa1 Qa8 39. Qxa8+ Bxa8 40. f6 gxf6 41.
Nf5 Bf8 42. h4 Nxf3 43. Kxf3 Kh7 44. Kg4 Bb7 45. Bxh6 Bxh6 46. Nxd6 Ba8 47.
Nxf7 Bf8 48. Kf5 Kg7 49. Ke6 Bb7 50. d6 1-0

[Event "4NCL Division 1b"]
[Site "Daventry, ENG"]
[Date "2020.01.11"]
[Round "3.52"]
[White "Bates, Richard A"]
[Black "Erdos, Viktor"]
[Result "0-1"]
[WhiteElo "2351"]
[BlackElo "2621"]
[PlyCount "64"]
[EventDate "2020.01.11"]
[WhiteTeam "Blackthorne Russia"]
[BlackTeam "Chess.com Manx Liberty 1"]

1. d4 d5 2. c4 e6 3. Nf3 Nf6 4. g3 dxc4 5. Bg2 c6 6. O-O b5 7. a4 Bb7 8. b3
cxb3 9. Qxb3 b4 10. Ne5 Be7 11. Bb2 Nfd7 12. Nd3 O-O 13. Nd2 Na6 14. Rac1 Rc8
15. Ne4 Qa5 16. Ne5 Nxe5 17. dxe5 Rfd8 18. Qe3 Nc7 19. Nd6 Rb8 20. Rc5 Qa6 21.
Qf3 Rf8 22. Nxb7 Qxb7 23. Rxc6 Nd5 24. Rc4 Qa6 25. Qb3 Nb6 26. Rg4 Qxa4 27. Qe3
h5 28. Re4 Qc2 29. Bc1 Rfc8 30. Qf3 Qxc1 31. Rxc1 Rxc1+ 32. Bf1 Nd5 0-1

[Event "4NCL Division 1b"]
[Site "Daventry, ENG"]
[Date "2020.01.11"]
[Round "3.53"]
[White "Lupulescu, Constantin"]
[Black "Ledger, Andrew J"]
[Result "1-0"]
[WhiteElo "2649"]
[BlackElo "2347"]
[PlyCount "55"]
[EventDate "2020.01.11"]
[WhiteTeam "Chess.com Manx Liberty 1"]
[BlackTeam "Blackthorne Russia"]

1. e4 e6 2. d4 d5 3. Nc3 Nf6 4. e5 Nfd7 5. Nce2 c5 6. c3 Nc6 7. Nf3 b5 8. Nf4
Rb8 9. Bd3 b4 10. O-O Be7 11. Re1 O-O 12. Nh5 bxc3 13. bxc3 g6 14. Qd2 Re8 15.
Qh6 Bf8 16. Qf4 Be7 17. Qh6 Bf8 18. Qf4 Be7 19. h4 f5 20. exf6 Nxf6 21. Nxf6+
Bxf6 22. h5 gxh5 23. Qh6 Rb7 24. Ng5 Bg7 25. Qxh7+ Kf8 26. Qxh5 cxd4 27. Nh7+
Kg8 28. Bg5 1-0

[Event "4NCL Division 1b"]
[Site "Daventry, ENG"]
[Date "2020.01.11"]
[Round "3.55"]
[White "Galyas, Miklos"]
[Black "Webb, Laurence E"]
[Result "1-0"]
[WhiteElo "2469"]
[BlackElo "2307"]
[PlyCount "77"]
[EventDate "2020.01.11"]
[WhiteTeam "Chess.com Manx Liberty 1"]
[BlackTeam "Blackthorne Russia"]

1. c4 e5 2. g3 Nc6 3. Nc3 f5 4. Nf3 Nf6 5. d4 e4 6. Nh4 g6 7. Bg5 Bg7 8. e3 O-O
9. Ng2 Ne7 10. Nf4 h6 11. Bxf6 Bxf6 12. h4 d6 13. Qb3 c5 14. dxc5 dxc5 15. Be2
Qb6 16. O-O-O Kf7 17. Nb5 Rd8 18. Rxd8 Qxd8 19. Rd1 Qa5 20. Nd6+ Kf8 21. Qb5
Qxb5 22. Nxb5 Be5 23. Rd8+ Kf7 24. Nd6+ Bxd6 25. Rxd6 g5 26. Bh5+ Kg7 27. Nd5
Nxd5 28. cxd5 b6 29. Be2 gxh4 30. gxh4 f4 31. Rd8 Kf6 32. Ba6 fxe3 33. fxe3 Bb7
34. Rd6+ Ke5 35. Bxb7 Rg8 36. Re6+ Kf5 37. Rxh6 Rg7 38. Bc8+ Ke5 39. d6 1-0

[Event "4NCL Division 1b"]
[Site "Daventry, ENG"]
[Date "2020.01.11"]
[Round "3.64"]
[White "Thorfinnsson, Bragi"]
[Black "Zhou, Yang-Fan"]
[Result "0-1"]
[WhiteElo "2430"]
[BlackElo "2433"]
[PlyCount "72"]
[EventDate "2020.01.11"]
[WhiteTeam "Cheddleton"]
[BlackTeam "Guildford 2"]

1. d4 Nf6 2. c4 g6 3. Nc3 Bg7 4. e4 d6 5. f4 O-O 6. Nf3 c5 7. d5 e6 8. dxe6
fxe6 9. Be2 Nc6 10. O-O b6 11. Kh1 a6 12. a3 Kh8 13. Rb1 Qe7 14. b4 Nh5 15. Na4
Nxf4 16. Bxf4 Rxf4 17. Nxb6 Rb8 18. Nxc8 Rxc8 19. b5 axb5 20. cxb5 Nd8 21. a4
Nb7 22. Qd2 Rxe4 23. Ng5 Rd4 24. Qe3 Nd8 25. Rf4 Ra8 26. b6 Raxa4 27. b7 Rxf4
28. b8=Q Qxg5 29. Qxd6 Rad4 30. Qc7 Rf1+ 31. Rxf1 Qxe3 32. Qxc5 h6 33. Qb5 Kh7
34. h3 Rd5 35. Qa6 Qg3 36. Qa7 Rf5 0-1

[Event "4NCL Division 1b"]
[Site "Daventry, ENG"]
[Date "2020.01.11"]
[Round "3.67"]
[White "Grieve, Harry"]
[Black "Connell, Blair N"]
[Result "1-0"]
[WhiteElo "2299"]
[BlackElo "2239"]
[PlyCount "77"]
[EventDate "2020.01.11"]
[WhiteTeam "Guildford 2"]
[BlackTeam "Cheddleton"]

1. e4 e5 2. Nf3 Nf6 3. Nxe5 d6 4. Nf3 Nxe4 5. Nc3 Nxc3 6. dxc3 Be7 7. Be3 Nc6
8. Qd2 Bf5 9. O-O-O Qd7 10. h3 a6 11. Nd4 Nxd4 12. Bxd4 O-O 13. Kb1 Rfe8 14. f3
c5 15. Bxc5 dxc5 16. Qxd7 Bxd7 17. Rxd7 Rad8 18. Rxd8 Bxd8 19. Bd3 Bh4 20. a4
a5 21. Ka2 g6 22. Kb3 b6 23. Kc4 Rd8 24. Rd1 Kf8 25. Kb5 Rd6 26. Be2 Rxd1 27.
Bxd1 Bd8 28. Kc6 Ke7 29. f4 f5 30. Be2 h6 31. Ba6 Ke6 32. Bc8+ Ke7 33. Bd7 Kf6
34. Be8 g5 35. Kd7 Be7 36. fxg5+ hxg5 37. Kc7 g4 38. hxg4 fxg4 39. Kxb6 1-0

[Event "4NCL Division 1b"]
[Site "Daventry, ENG"]
[Date "2020.01.11"]
[Round "3.72"]
[White "Navarro Cia, Miguel"]
[Black "Roberson, Peter T"]
[Result "1/2-1/2"]
[WhiteElo "2256"]
[BlackElo "2435"]
[PlyCount "60"]
[EventDate "2020.01.11"]
[WhiteTeam "Barbican 4NCL 2"]
[BlackTeam "Grantham Sharks 1"]

1. d4 e6 2. Nf3 d5 3. c4 Nf6 4. g3 Be7 5. Bg2 O-O 6. O-O dxc4 7. Na3 Bxa3 8.
bxa3 Bd7 9. Ne5 Bc6 10. Nxc6 Nxc6 11. Bxc6 bxc6 12. Bg5 Qd5 13. Bxf6 gxf6 14.
Rc1 Rfd8 15. e3 c5 16. Qg4+ Qg5 17. Qf3 cxd4 18. Rxc4 Qd5 19. Qg4+ Qg5 20. Qf3
c5 21. exd4 cxd4 22. Rxd4 f5 23. Rfd1 Rab8 24. Qe3 Qf6 25. Rxd8+ Rxd8 26. Rxd8+
Qxd8 27. Qxa7 Qd1+ 28. Kg2 Qd5+ 29. Kg1 Qd1+ 30. Kg2 Qd5+ 1/2-1/2

[Event "4NCL Division 1b"]
[Site "Daventry, ENG"]
[Date "2020.01.11"]
[Round "3.78"]
[White "Regan, Natasha K"]
[Black "Milson, Samuel A"]
[Result "1/2-1/2"]
[WhiteElo "1956"]
[BlackElo "2115"]
[PlyCount "84"]
[EventDate "2020.01.11"]
[WhiteTeam "Barbican 4NCL 2"]
[BlackTeam "Grantham Sharks 1"]

1. c4 e5 2. g3 Nf6 3. Bg2 h6 4. Nc3 Bb4 5. Nd5 Nxd5 6. cxd5 O-O 7. e3 d6 8. Ne2
f5 9. a3 Ba5 10. b4 Bb6 11. d4 Nd7 12. Bb2 Qe8 13. Rc1 f4 14. dxe5 f3 15. Bxf3
Rxf3 16. e6 Ne5 17. Nd4 Qh5 18. Nxf3 Nxf3+ 19. Kf1 Qf5 20. Kg2 Ng5 21. Rc4 c6
22. h4 Qxd5+ 23. Qxd5 cxd5 24. Rxc8+ Rxc8 25. hxg5 hxg5 26. Rd1 Re8 27. Rxd5
Rxe6 28. Rxg5 Re7 29. a4 Bd8 30. Bf6 Rd7 31. Bxd8 Rxd8 32. Rd5 Kf7 33. Kf3 Ke6
34. Ke4 Rc8 35. Rd4 g6 36. f4 Rc1 37. g4 Rf1 38. a5 a6 39. f5+ gxf5+ 40. gxf5+
Kd7 41. Rc4 Rf2 42. Rd4 Rf1 1/2-1/2

[Event "4NCL Division 1b"]
[Site "Daventry, ENG"]
[Date "2020.01.11"]
[Round "3.81"]
[White "Kanyamarala, Tarun"]
[Black "Derakhshani, Borna"]
[Result "0-1"]
[WhiteElo "2320"]
[BlackElo "2342"]
[PlyCount "120"]
[EventDate "2020.01.11"]
[WhiteTeam "Gonzaga"]
[BlackTeam "Wood Green Monarchs"]

1. d4 Nf6 2. c4 g6 3. Nc3 d5 4. Nf3 Bg7 5. h4 c6 6. cxd5 Nxd5 7. h5 Nxc3 8.
bxc3 Qd5 9. Rh4 Bf6 10. e4 Qa5 11. Rh1 Qxc3+ 12. Bd2 Qa3 13. e5 Bg7 14. h6 Bf8
15. Bc4 e6 16. Ng5 Bb4 17. Rb1 Bxd2+ 18. Qxd2 O-O 19. Rb3 Qe7 20. Rf3 b5 21.
Bd3 Nd7 22. Rh4 Bb7 23. Be4 Rad8 24. Qf4 Qb4+ 25. Kf1 Qxd4 26. Re3 Qxe5 27.
Bxg6 fxg6 28. Qxe5 Nxe5 29. Rxe5 Rf5 30. Rxf5 exf5 31. Rh3 f4 32. Ne6 Rd6 33.
Nxf4 c5 34. Re3 Kf7 35. Re5 Rd1+ 36. Ke2 Rc1 37. Nd3 Rc2+ 38. Kd1 Rc4 39. Nxc5
Bxg2 40. Nd3 Rd4 41. Ke2 Kf6 42. Rc5 Re4+ 43. Kd2 Bf1 44. Rc6+ Kg5 45. Nc5 Re2+
46. Kc3 Kxh6 47. f4 Rxa2 48. f5 Bg2 49. Ra6 Rf2 50. f6 Kg5 51. Nd7 h5 52. Nf8
h4 53. Nh7+ Kh6 54. Rxa7 h3 55. f7 h2 56. f8=Q+ Rxf8 57. Nxf8 h1=Q 58. Rh7+ Kg5
59. Ne6+ Kf6 60. Rxh1 Bxh1 0-1

[Event "4NCL Division 1b"]
[Site "Daventry, ENG"]
[Date "2020.01.11"]
[Round "3.82"]
[White "Willow, Jonah B"]
[Black "Delaney, Killian"]
[Result "1-0"]
[WhiteElo "2355"]
[BlackElo "2278"]
[PlyCount "81"]
[EventDate "2020.01.11"]
[WhiteTeam "Wood Green Monarchs"]
[BlackTeam "Gonzaga"]

1. e4 c5 2. Nf3 e6 3. d4 cxd4 4. Nxd4 Nf6 5. Nc3 Nc6 6. Ndb5 Bc5 7. Bf4 O-O 8.
Be2 a6 9. Bc7 Qe7 10. Bd6 Bxd6 11. Nxd6 b5 12. O-O Ne8 13. Nxc8 Rxc8 14. a4 b4
15. Bxa6 Ra8 16. Bb7 Ra7 17. Bxc6 bxc3 18. Bb5 cxb2 19. Rb1 Qb4 20. Qe1 Qa3 21.
Qd2 Nd6 22. Qd4 Rb7 23. Rxb2 Rc8 24. Rfb1 Nxb5 25. axb5 Qc5 26. Qxc5 Rxc5 27.
f3 Kf8 28. Kf2 Rbc7 29. b6 Rb7 30. Ke3 Ke7 31. Kd4 Kd6 32. c4 Kc6 33. e5 f6 34.
f4 g5 35. exf6 gxf4 36. Rb5 e5+ 37. Ke4 Rxc4+ 38. Kf5 f3 39. gxf3 Rf4+ 40. Kxe5
Rxf3 41. R5b3 1-0

[Event "4NCL Division 1b"]
[Site "Daventry, ENG"]
[Date "2020.01.11"]
[Round "3.83"]
[White "Wall, Gavin"]
[Black "O'Donnell, Conor"]
[Result "1/2-1/2"]
[WhiteElo "2317"]
[BlackElo "2307"]
[PlyCount "49"]
[EventDate "2020.01.11"]
[WhiteTeam "Gonzaga"]
[BlackTeam "Wood Green Monarchs"]

1. e4 c6 2. d4 d5 3. e5 c5 4. dxc5 e6 5. Nf3 Bxc5 6. Bd3 Nc6 7. c3 f6 8. b4 Bb6
9. b5 Nce7 10. Qc2 fxe5 11. Nxe5 Bc7 12. f4 Nf6 13. O-O Nf5 14. Bxf5 exf5 15.
Ba3 Bd6 16. c4 Bxa3 17. Nxa3 O-O 18. c5 Qa5 19. Rf3 a6 20. Rb1 axb5 21. Nxb5
Qxa2 22. Rb2 Qa5 23. Qe2 Qa1+ 24. Rf1 Qa4 25. Qd2 1/2-1/2

[Event "4NCL Division 1b"]
[Site "Daventry, ENG"]
[Date "2020.01.11"]
[Round "3.84"]
[White "Toma, Katarzyna"]
[Black "Kanyamarala, Trisha"]
[Result "1-0"]
[WhiteElo "2281"]
[BlackElo "2195"]
[PlyCount "105"]
[EventDate "2020.01.11"]
[WhiteTeam "Wood Green Monarchs"]
[BlackTeam "Gonzaga"]

1. e4 c5 2. Nf3 d6 3. d4 cxd4 4. Qxd4 Nc6 5. Bb5 Bd7 6. Qd3 Nf6 7. c4 g6 8. Nc3
Bg7 9. O-O O-O 10. h3 a6 11. Bxc6 Bxc6 12. Nd4 Rc8 13. Be3 Nd7 14. Rac1 Nc5 15.
Qb1 Bd7 16. Rfd1 Ne6 17. Nxe6 fxe6 18. Qd3 b6 19. b4 Be5 20. c5 bxc5 21. bxc5
Qa5 22. Qd2 Rc6 23. f4 Bg7 24. e5 Be8 25. exd6 exd6 26. Ne4 Qxd2 27. Rxd2 d5
28. Ng5 Bf7 29. Nf3 Rfc8 30. Rdc2 Be8 31. Kf2 R6c7 32. Bd4 Bf8 33. Ke3 Bb5 34.
Ne5 Be7 35. g4 Bf8 36. g5 Bg7 37. h4 Rb8 38. Ng4 Bxd4+ 39. Kxd4 Ba4 40. Re2
Rb4+ 41. Ke5 Bb5 42. Ree1 Kf7 43. Nf6 Ke7 44. h5 Bd3 45. h6 Ra4 46. Nxh7 Rb7
47. Nf6 Rbb4 48. Ng8+ Kf7 49. h7 Kg7 50. Nf6 Rxf4 51. c6 Rf5+ 52. Kd6 Rb4 53.
Rxe6 1-0

[Event "4NCL Division 1b"]
[Site "Daventry, ENG"]
[Date "2020.01.11"]
[Round "3.85"]
[White "McPhillips, Karl"]
[Black "Fitzsimons, David"]
[Result "0-1"]
[WhiteElo "2220"]
[BlackElo "2317"]
[PlyCount "62"]
[EventDate "2020.01.11"]
[WhiteTeam "Gonzaga"]
[BlackTeam "Wood Green Monarchs"]

1. d4 Nf6 2. c4 g6 3. Nc3 Bg7 4. e4 d6 5. Bd3 O-O 6. Nge2 a6 7. O-O Nbd7 8. f4
c5 9. d5 b5 10. cxb5 Qb6 11. Kh1 axb5 12. Bxb5 Nxe4 13. Bd3 Nxc3 14. Nxc3 Nf6
15. f5 Ba6 16. Bxa6 Rxa6 17. Qe2 Rfa8 18. fxg6 hxg6 19. Bg5 Qb7 20. Rad1 Rb6
21. Rd2 Rb8 22. b3 Nh7 23. Na4 Rb4 24. Qxe7 Nxg5 25. Qxg5 c4 26. Re2 cxb3 27.
axb3 Rxb3 28. h4 Qb5 29. Qe7 Qxa4 30. Qxf7+ Kh8 31. Re8+ Qxe8 0-1

[Event "4NCL Division 1b"]
[Site "Daventry, ENG"]
[Date "2020.01.11"]
[Round "3.86"]
[White "York-Weaving, Richard"]
[Black "Murray, David"]
[Result "1-0"]
[WhiteElo "2335"]
[BlackElo "2140"]
[PlyCount "105"]
[EventDate "2020.01.11"]
[WhiteTeam "Wood Green Monarchs"]
[BlackTeam "Gonzaga"]

1. e4 c5 2. Nf3 d6 3. d4 cxd4 4. Nxd4 Nf6 5. Nc3 Nc6 6. Bg5 e6 7. Qd2 a6 8.
O-O-O Bd7 9. f3 b5 10. Nxc6 Bxc6 11. Kb1 Qb6 12. Be3 Qc7 13. Bf4 Rd8 14. g4 b4
15. Ne2 e5 16. Bg5 d5 17. Bxf6 gxf6 18. Ng3 a5 19. Bd3 Qb6 20. Nh5 Bb7 21. Rhf1
Bc5 22. Qh6 Ke7 23. exd5 Bxd5 24. f4 e4 25. Rfe1 e3 26. Ng3 Be6 27. g5 Bd4 28.
gxf6+ Bxf6 29. Ne4 Bd4 30. Qg5+ Kf8 31. f5 Rg8 32. Qh5 Rd5 33. Ng5 Rxg5 34.
Qxg5 a4 35. Be4 Bf6 36. Qh6+ Bg7 37. Qh5 Rd2 38. fxe6 Qxe6 39. Qf5 Qc4 40. Bd5
Qc7 41. Rxd2 exd2 42. Rf1 a3 43. Qxf7+ Qxf7 44. Rxf7+ Ke8 45. Rf1 Bxb2 46. c4
bxc3 47. Kc2 h6 48. Bc4 Ke7 49. Be2 Ke6 50. h4 Ke5 51. h5 Kd4 52. Rf6 Bc1 53.
Bd1 1-0

[Event "4NCL Division 1b"]
[Site "Daventry, ENG"]
[Date "2020.01.11"]
[Round "3.87"]
[White "Thorarinsson, Pall A."]
[Black "Sygnowski, Tomasz"]
[Result "1/2-1/2"]
[WhiteElo "2189"]
[BlackElo "2305"]
[PlyCount "92"]
[EventDate "2020.01.11"]
[WhiteTeam "Gonzaga"]
[BlackTeam "Wood Green Monarchs"]

1. d4 Nf6 2. c4 e6 3. Nc3 d5 4. cxd5 exd5 5. Bg5 Be7 6. e3 O-O 7. Bd3 c6 8. Qc2
Nbd7 9. Nf3 Re8 10. O-O Nf8 11. Bxf6 Bxf6 12. b4 Bg4 13. Nd2 Rc8 14. Bf5 Bxf5
15. Qxf5 Ne6 16. Rab1 g6 17. Qd3 Bg7 18. Rfc1 f5 19. g3 Qg5 20. b5 f4 21. Nf3
Qg4 22. Kg2 fxe3 23. fxe3 Ng5 24. Rf1 Rc7 25. bxc6 bxc6 26. Nxg5 Qxg5 27. Rf3
Rce7 28. Re1 Qg4 29. Re2 Bh6 30. h3 Qe6 31. e4 Qd7 32. e5 c5 33. Rf6 cxd4 34.
Rd6 Qb7 35. Qxd4 Bg7 36. Qxd5+ Qxd5+ 37. Nxd5 Rxe5 38. Rxe5 Rxe5 39. Rd8+ Kf7
40. Rd7+ Kf8 41. Kf3 a5 42. a4 Rf5+ 43. Ke4 Re5+ 44. Kf3 Rf5+ 45. Ke4 Re5+ 46.
Kf3 Rf5+ 1/2-1/2

[Event "4NCL Division 1b"]
[Site "Daventry, ENG"]
[Date "2020.01.11"]
[Round "3.88"]
[White "Stepanyan, Henrik"]
[Black "Bourached, Anthony"]
[Result "1/2-1/2"]
[WhiteElo "2267"]
[BlackElo "2033"]
[PlyCount "68"]
[EventDate "2020.01.11"]
[WhiteTeam "Wood Green Monarchs"]
[BlackTeam "Gonzaga"]

1. d4 Nf6 2. c4 e6 3. Nf3 d5 4. g3 dxc4 5. Bg2 Be7 6. Qc2 O-O 7. O-O c5 8. dxc5
Na6 9. Nbd2 Nxc5 10. Nxc4 Bd7 11. Nfe5 Be8 12. b4 Ba4 13. Qb1 Ncd7 14. a3 Nxe5
15. Nxe5 Nd5 16. Bb2 a5 17. e4 Nb6 18. Bc3 Rc8 19. Qb2 axb4 20. axb4 Bb5 21.
Rfd1 Qc7 22. Bd4 Na4 23. Qb3 Nc3 24. Bxc3 Qxc3 25. Qxc3 Rxc3 26. Ra7 Rc7 27.
Bf1 Bxf1 28. Kxf1 Bxb4 29. Rd7 Rc1+ 30. Kg2 Bc3 31. Nd3 Rb1 32. Raxb7 Rxb7 33.
Rxb7 h5 34. Rc7 Ba1 1/2-1/2

[Event "4NCL Division 1b"]
[Site "Daventry, ENG"]
[Date "2020.01.12"]
[Round "4.52"]
[White "Erdos, Viktor"]
[Black "Navarro Cia, Miguel"]
[Result "1-0"]
[WhiteElo "2621"]
[BlackElo "2256"]
[PlyCount "141"]
[EventDate "2020.01.12"]
[WhiteTeam "Chess.com Manx Liberty 1"]
[BlackTeam "Barbican 4NCL 2"]

1. d4 Nf6 2. c4 g6 3. g3 Bg7 4. Bg2 d5 5. Nf3 dxc4 6. Na3 O-O 7. O-O Nc6 8.
Nxc4 Be6 9. b3 a5 10. a4 Qc8 11. Ba3 Rd8 12. Rc1 Bh3 13. e3 Bxg2 14. Kxg2 Qe6
15. Qc2 h6 16. Rfd1 Rac8 17. h3 Nd5 18. e4 Ndb4 19. Qe2 Nxd4 20. Nxd4 Rxd4 21.
Rxd4 Bxd4 22. Nxa5 b6 23. Nc4 Nc6 24. Qg4 Qxg4 25. hxg4 e6 26. f4 b5 27. axb5
Na7 28. e5 Nxb5 29. Nd6 Nxd6 30. exd6 c6 31. Bb4 Bf6 32. Ba5 Kf8 33. d7 Ra8 34.
b4 Bd8 35. Rxc6 Ke7 36. Rc8 Rxa5 37. bxa5 Bxa5 38. Rh8 Kxd7 39. Rxh6 Ke7 40.
Kf3 Bc3 41. Rh1 Kf8 42. Rb1 g5 43. Rb3 Ba1 44. Rb5 Bf6 45. Ke4 Kg7 46. Rb7 Bc3
47. Rb3 Bf6 48. Rf3 Bb2 49. f5 Ba1 50. Kd3 Be5 51. fxe6 fxe6 52. Kc4 Bd6 53.
Kb5 Kg6 54. Kc6 Bb4 55. Kd7 e5 56. Kc6 e4 57. Re3 Kf6 58. Kd5 Bd2 59. Rxe4 Bc3
60. Re3 Bd2 61. Rf3+ Kg6 62. Rf1 Bc3 63. Ke4 Bd2 64. Rb1 Bc3 65. Rb6+ Kf7 66.
Kf5 Bd2 67. Rb7+ Kf8 68. Kf6 Ke8 69. Re7+ Kd8 70. Re2 Bc1 71. Re1 1-0

[Event "4NCL Division 1b"]
[Site "Daventry, ENG"]
[Date "2020.01.12"]
[Round "4.64"]
[White "Purton, Ben J"]
[Black "Ansell, Simon T"]
[Result "1/2-1/2"]
[WhiteElo "2138"]
[BlackElo "2334"]
[PlyCount "29"]
[EventDate "2020.01.12"]
[WhiteTeam "Grantham Sharks 1"]
[BlackTeam "Blackthorne Russia"]

1. e4 c5 2. Nf3 Nc6 3. Nc3 e5 4. Bc4 d6 5. d3 Be7 6. Nd2 Bg5 7. Nf1 Bxc1 8.
Rxc1 Nf6 9. Ne3 O-O 10. O-O Be6 11. Ncd5 Nd7 12. c3 Nb6 13. Qh5 Ne7 14. Nxe7+
Qxe7 15. Nf5 1/2-1/2

[Event "4NCL Division 1b"]
[Site "Daventry, ENG"]
[Date "2020.01.12"]
[Round "4.65"]
[White "Webb, Laurence E"]
[Black "Bremner, Adam"]
[Result "0-1"]
[WhiteElo "2307"]
[BlackElo "2148"]
[PlyCount "156"]
[EventDate "2020.01.12"]
[WhiteTeam "Blackthorne Russia"]
[BlackTeam "Grantham Sharks 1"]

1. e4 c6 2. d4 d5 3. e5 Bf5 4. Nf3 e6 5. Be2 h6 6. O-O Nd7 7. Nbd2 Ne7 8. Nb3
Nc8 9. a4 Be7 10. Be3 O-O 11. h3 a6 12. a5 Na7 13. Ne1 Rc8 14. Bg4 Bh7 15. Nd3
Bxd3 16. cxd3 c5 17. Nxc5 Nxc5 18. dxc5 d4 19. Bd2 Rxc5 20. f4 g6 21. Bf3 Rb5
22. Qc2 Qd7 23. Rfc1 Rc8 24. Qa4 Nc6 25. Rc2 Nb4 26. Rxc8+ Qxc8 27. Rc1 Qd8 28.
Be4 Rxa5 29. Qd1 Rb5 30. Qg4 Kh7 31. Qf3 Nd5 32. Rc2 Qd7 33. g4 f5 34. exf6
Nxf6 35. Be1 Nxe4 36. Qxe4 Kg7 37. Bf2 Bf6 38. Kg2 Kf7 39. Bg3 Bd8 40. Bf2 Bb6
41. Kf3 Qd5 42. Qxd5 exd5 43. f5 gxf5 44. gxf5 Rb3 45. Rd2 Ba5 46. Rd1 Rxb2 47.
Bh4 Rd2 48. Rb1 Rxd3+ 49. Kg4 b6 50. Bd8 h5+ 51. Kf4 Rxh3 52. Bxb6 Bxb6 53.
Rxb6 d3 54. Rb7+ Kf6 55. Rb6+ Ke7 56. Rb2 Kd6 57. f6 Ke6 58. Rb6+ Kf7 59. Rd6
a5 60. Kf5 Rf3+ 61. Ke5 Kg6 62. f7+ Kxf7 63. Rxd5 a4 64. Ke4 Rh3 65. Rf5+ Ke6
66. Rf2 Rg3 67. Kf4 Rh3 68. Ke4 a3 69. Ra2 Kd6 70. Rxa3 h4 71. Kd4 d2 72. Ra6+
Kc7 73. Ra1 Rh2 74. Kd3 Rg2 75. Ke3 h3 76. Kf3 Kc6 77. Rh1 Kc5 78. Rxh3 Rg1 0-1

[Event "4NCL Division 1b"]
[Site "Daventry, ENG"]
[Date "2020.01.12"]
[Round "4.68"]
[White "Cumbers, Paul"]
[Black "Varney, Zoe"]
[Result "1-0"]
[WhiteElo "2087"]
[BlackElo "2004"]
[PlyCount "107"]
[EventDate "2020.01.12"]
[WhiteTeam "Grantham Sharks 1"]
[BlackTeam "Blackthorne Russia"]

1. e4 e5 2. Bc4 Nc6 3. Nf3 Bc5 4. O-O Nf6 5. d3 d6 6. c3 Bg4 7. h3 Bh5 8. Re1
h6 9. g4 Bg6 10. Be3 Bxe3 11. Rxe3 h5 12. g5 Nh7 13. h4 f6 14. gxf6 Qxf6 15.
Qf1 O-O-O 16. Qh3+ Kb8 17. Nbd2 Be8 18. Qg3 Na5 19. Ng5 Nxg5 20. hxg5 Qg6 21.
f4 h4 22. f5 hxg3 23. fxg6 Rh2 24. Rd1 Bxg6 25. Bd5 Rdh8 26. Nf1 Rxb2 27. Rxg3
c6 28. Be6 Re8 29. Bf5 Bf7 30. Rg2 Rxg2+ 31. Kxg2 Rh8 32. g6 Be8 33. Ne3 Kc7
34. d4 exd4 35. cxd4 Rh5 36. Kf3 Kd8 37. Kf4 Ke7 38. e5 Bd7 39. Bxd7 Kxd7 40.
Nf5 Rh2 41. Nxg7 Rg2 42. Kf5 Nc4 43. Re1 dxe5 44. dxe5 Nb6 45. Nh5 Nd5 46. Nf6+
Ke7 47. a4 Rf2+ 48. Kg5 Rg2+ 49. Ng4 Kf8 50. e6 Ne7 51. Rf1+ Kg8 52. Rf4 b5 53.
Kh6 Nd5 54. g7 1-0

[Event "4NCL Division 1b"]
[Site "Daventry, ENG"]
[Date "2020.01.12"]
[Round "4.81"]
[White "Hawkins, Jonathan"]
[Black "Delaney, Killian"]
[Result "1/2-1/2"]
[WhiteElo "2580"]
[BlackElo "2278"]
[PlyCount "25"]
[EventDate "2020.01.12"]
[WhiteTeam "Cheddleton"]
[BlackTeam "Gonzaga"]

1. d4 d5 2. Nf3 Nc6 3. g3 Bg4 4. Bg2 Qd7 5. O-O O-O-O 6. c4 e6 7. Nc3 dxc4 8.
Qa4 Bxf3 9. Bxf3 Nxd4 10. Qxa7 Nxf3+ 11. exf3 Qc6 12. Ne4 Nf6 13. Bg5 1/2-1/2